ا ر د و ميں مستعمل محا و ر ے (حلد د و م) (Record no. 164229)

MARC details
000 -LEADER
fixed length control field 00706nam a22001937a 4500
005 - DATE AND TIME OF LATEST TRANSACTION
control field 20190514131226.0
010 ## - LCCN (DPL NO)
LC control number UR-10114
020 ## - INTERNATIONAL STANDARD BOOK NUMBER
Terms of availability 400.00
International Standard Book Number 9789387539297
035 ## - SYSTEM CONTROL NUMBER
System control number U-8669
037 ## - SOURCE OF ACQUISITION
Source of stock number/acquisition DBAD/PUB
082 ## - DEWEY DECIMAL CLASSIFICATION NUMBER
Classification number 443.1
100 ## - MAIN ENTRY--PERSONAL NAME
Personal name عبد النا صر
245 ## - TITLE STATEMENT
Title ا ر د و ميں مستعمل محا و ر ے (حلد د و م)
Statement of responsibility, etc عبد النا صر
246 ## - VARYING FORM OF TITLE
Remainder of title ‏Urdu mein Mustamal Muhawre(Vol. 2)(Urdu)
Title proper/short title by Dr.Abdul Nasir
260 ## - PUBLICATION, DISTRIBUTION, ETC. (IMPRINT)
Place of publication, distribution, etc Delhi
Name of publisher, distributor, etc Educational Publishing House
Date of publication, distribution, etc 2017 ء
270 ## - ADDRESS
Address 3191،Vakil Street,Kucha Pandit,Lal Kuan,
City Delhi
Postal code 110006
Telephone number 23216162
Fax number 00911123211540
300 ## - PHYSICAL DESCRIPTION
Extent 788ص
Dimensions 22 Cm.(bk)
942 ## - ADDED ENTRY ELEMENTS (KOHA)
Source of classification or shelving scheme Dewey Decimal Classification
Item type Urdu Bks
Classification part 443.1
Call number suffix ع ب د
Holdings
Withdrawn status Lost status Not for loan Collection code Home library Current library Date acquired Source of acquisition Cost, normal purchase price Full call number Barcode Copy number Cost, replacement price Koha item type
    Not For Loan Non-fiction D.B.Act.Division D.B.Act.Division 14/05/2019 DBAD/PUB 400.00 443.1 ع ب د U-8669 1 400.00 Urdu Bks

© Delhi Public Library
Hit Counter
free hit counter